| 000 | 00556nam a2200193Ia 4500 | ||
|---|---|---|---|
| 003 | GCL | ||
| 008 | 140319s9999 xx 000 0 eng d | ||
| 040 |
_aGCL / _cGCL |
||
| 082 | 0 | 4 |
_a685.562 _bN T |
| 100 | 1 | _aNELSON, CHARLES | |
| 245 | 1 | 0 |
_aT Q M AND ISO 9000 FOR ARCHITECTS AND DESIGNERS / _cNELSON, CHARLES |
| 260 |
_a[S.N] : _bMC GRAW - HILL ، _c1995 |
||
| 300 | _a317 P | ||
| 650 | 0 | 4 | _aARCHITECTURAL SERVICES |
| 650 | 0 | 4 | _aUNITED STATES - QUALITY |
| 650 | 0 | 4 | _aTOTAL QUALITY MANAGEMENT |
| 650 | 0 | 4 | _aISO 9000 SERIES STANDARDS |
| 942 |
_2ddc _cBK |
||
| 999 |
_c13205 _d13205 |
||